Pekár závodný časopis pekárov Žilinského kraja

Bibliographic Details
Other Authors: Ďungel, Anton (Publishing director)
Format: Journal
Language:Slovak
PhysicalDescription:1 zv. 30 cm
Published: Žilina ZO KSS, ROH, ČSM pri Žilinských pekárňach n. p. 1954-1954
Subjects:

MARC

LEADER 00000cas a2200000 a 4500
001 vtls010301889
003 SK-MaSNL
005 20260228162548.0
008 110810d19541954xo mr|p 0 b0slo
040 |a SNK  |b slo  |c SNK  |e AACR2 
041 0 |a slo 
043 |a e-xo--- 
044 |a xo  |c SK 
072 7 |a 664  |x Potravinársky priemysel  |2 konspekt 
080 |a 050  |2 2001 
080 |a 664.6  |2 2001 
080 |a (437.6)  |2 2001 
245 0 0 |a Pekár  |b závodný časopis pekárov Žilinského kraja 
260 |a Žilina  |b ZO KSS, ROH, ČSM pri Žilinských pekárňach n. p.  |c 1954-1954 
300 |a 1 zv.  |c 30 cm 
310 |a 1x mesačne 
362 0 |a Roč. I, č. 1 (mar. 1954)-roč. I, č. 5 (sept. 1954) 
500 |a Tlač: Pravda, vydavateľstvo ÚV KSS, prevodzovňa Žilina 
500 |a Zodp. zást.: Anton Ďungel 
650 0 7 |a pekárstvo  |2 SNKPH  |9 31203 
651 7 |a Žilina (Slovensko)  |2 SNKPH  |9 28812 
655 7 |a špecializované časopisy  |2 SNKPH  |9 70509 
700 1 |a Ďungel, Anton  |4 pbd  |9 271426 
910 |a snk 
916 |a 1954 
958 |a OND 
999 |c 8059  |d 9989 
952 |0 0  |1 0  |4 0  |7 0  |a SNK  |b SNK  |d 2015-03-06  |i snkII. 2233/55  |l 0  |o snkČSB 1420/1/1954 D1  |p 17A0844026  |r 2026-02-21 21:15:08  |t č. 1-5, neúplné  |w 2026-02-21  |y PREZ  |z chýba č. 1 
952 |0 0  |1 0  |4 0  |7 0  |a SNK  |b SNK  |d 2015-04-29  |f 1  |i snkII. 2232/55  |l 0  |o snkČSB 1420/1/1954   |p 17A0706859  |r 2026-02-21 21:33:57  |t č. 1-5  |w 2026-02-21  |y PREZ